000
00265nam a22001097a 4500
008
170126b xxu||||| |||| 00| 0 eng d
020
_a
9781437704419
041
_a
eng
080
_a
61
245
_a
THE NEXT STEP/ ADVANCED MEDICAL CODING
_c
BUCK, C.J
942
_2
udc
_c
BK
999
_c
3711
_d
3711